Statistics for Daddy Yankee Charting Songs (Billboard Hot 100)

Click here to take the quiz!

General Stats

  • This quiz has been taken 68 times
    (37 since last reset)
  • The average score is 6 of 17

Answer Stats

AlbumWeeks OnPeakArtist(s)Song% Correct
Vida52 Weeks#1 (16 Weeks)Luis Fonsi & Daddy Yankee ft. Justin BieberDespacito
96%
Barrio Fino20 Weeks#32Daddy YankeeGasolina
86%
Non-Album Single25 Weeks#22Daddy Yankee & Katy Perry ft. SnowCon Calma
68%
Non-Album Single18 Weeks#43Anuel AA, Daddy Yankee, Karol G, Ozuna & J BalvinChina
50%
Non-Album Single17 Weeks#66Lunay, Daddy Yankee & Bad BunnySoltera
50%
Non-Album Single21 Weeks#43Daddy YankeeDura
46%
YHLQMDLG2 Weeks#53Bad Bunny & Daddy YankeeLa Santa
43%
Non-Album Single2 Weeks#88Daddy YankeeShaky Shaky
32%
Barrio Fino28 Weeks#24Daddy YankeeRompe
29%
Legendaddy3 Weeks#73Daddy Yankee & Bad BunnyX Ultima Vez
29%
1 of 111 Weeks#64Sech, ROSALIA, Daddy Yankee, J Balvin & FarrukoRelacion
25%
Non-Album Single9 Weeks#69Ozuna x Daddy Yankee x J Balvin x Farruko x Anuel AABaila Baila Baila
18%
Golden1 Week#95Romeo Santos ft. Nicky Jam & Daddy YankeeBella y Sensual
18%
El Cartel: The Big Boss7 Weeks#56Daddy Yankee ft. FergieImpacto
11%
N.O.R.E. y la Familia...Ya Tú Sabe22 Weeks#12N.O.R.E. ft. Daddy Yankee, Nina Sky, Gem Star & Big MatoOye Mi Canto
11%
Barrio Fino7 Weeks#78Daddy YankeeLike You
7%
Non-Album Single1 Week#88Janet & Daddy YankeeMade For Now
4%

Score Distribution

Percentile by Number Answered

Percent of People with Each Score

Your Score History

You have not taken this quiz since the last reset